000 00440nam a22001697a 4500
005 20180816105606.0
008 160513b xxu||||| |||| 00| 0 eng d
020 _a978-0-07-026362-8
041 _aeng
082 _b2067
_a658.4012
100 _aKazmi, Azhar
_91110
245 _aStrategic management and Business policy
260 _aNew Delhi
_bTata McGraw Hill Ltd.
_c2008
300 _a671p,
650 _aManagement
_9241
942 _cBK
999 _c750
_d750